Оценка интенсивности процессов флюидомиграции на Ванкорской площади по результатам прикладных ядерных литогеохимических исследований разрезов глубоких скважин; Известия Томского политехнического университета [Известия ТПУ]; Т. 323, № 1 : Науки о Земле

Бібліографічні деталі
Parent link:Известия Томского политехнического университета [Известия ТПУ]/ Томский политехнический университет (ТПУ).— , 2000-
Т. 323, № 1 : Науки о Земле.— 2013.— [С. 83-86]
Автор: Столбов Ю. М. Юрий Михайлович
Інші автори: Столбова Н. Ф. Нэля Фeдоровна
Резюме:Заглавие с титульного листа
Электронная версия печатной публикации
Дана оценка интенсивности процессов флюидомиграции на Ванкорской площади по результатам прикладных ядерных литогеохимических исследований разрезов глубоких скважин, пробуренных в северо-восточной части Западной Сибири. Изучение геохимического равновесия между ураном и глиноземом в образцах керна позволило дать оценку интенсивности реакций наложенного эпигенеза в отложениях отдельных свит.
Мова:Російська
Опубліковано: 2013
Серія:Литология
Предмети:
Онлайн доступ:http://earchive.tpu.ru/bitstream/11683/4898/1/bulletin_tpu-2013-323-1-14.pdf
Формат: Електронний ресурс Частина з книги
KOHA link:https://koha.lib.tpu.ru/cgi-bin/koha/opac-detail.pl?biblionumber=242945

MARC

LEADER 00000nla2a2200000 4500
001 242945
005 20231031210311.0
035 |a (RuTPU)RU\TPU\book\264267 
035 |a RU\TPU\book\264265 
090 |a 242945 
100 |a 20130912d2013 k y0rusy50 ca 
101 0 |a rus 
102 |a RU 
135 |a drnn ---uucaa 
181 0 |a i  
182 0 |a b 
200 1 |a Оценка интенсивности процессов флюидомиграции на Ванкорской площади по результатам прикладных ядерных литогеохимических исследований разрезов глубоких скважин  |b Электронный ресурс  |f Ю. М. Столбов, Н. Ф. Столбова 
203 |a Текст  |c электронный 
215 |a 1 файл (680 Кб) 
225 1 |a Литология 
230 |a Электронные текстовые данные (1 файл : 680 Кб) 
300 |a Заглавие с титульного листа 
300 |a Электронная версия печатной публикации 
320 |a [Библиогр.: с. 86 (5 назв.)] 
330 |a Дана оценка интенсивности процессов флюидомиграции на Ванкорской площади по результатам прикладных ядерных литогеохимических исследований разрезов глубоких скважин, пробуренных в северо-восточной части Западной Сибири. Изучение геохимического равновесия между ураном и глиноземом в образцах керна позволило дать оценку интенсивности реакций наложенного эпигенеза в отложениях отдельных свит. 
337 |a Adobe Reader 
461 1 |0 (RuTPU)RU\TPU\book\176237  |t Известия Томского политехнического университета [Известия ТПУ]  |f Томский политехнический университет (ТПУ)  |d 2000- 
463 1 |0 (RuTPU)RU\TPU\book\264203  |x 1684-8519  |t Т. 323, № 1 : Науки о Земле  |v [С. 83-86]  |d 2013  |p 249 с. 
610 1 |a флюиды 
610 1 |a углеводороды 
610 1 |a реакции 
610 1 |a эпигенез 
610 1 |a миграция 
610 1 |a тектоника 
610 1 |a флюидомиграция 
610 1 |a глубокие скважины 
610 1 |a Западная Сибирь 
610 1 |a труды учёных ТПУ 
610 1 |a электронный ресурс 
700 1 |a Столбов  |b Ю. М.  |c геохимик  |c старший научный сотрудник Томского политехического университета, кандидат технических наук  |f 1939-  |g Юрий Михайлович  |2 stltpush  |3 (RuTPU)RU\TPU\pers\24712 
701 1 |a Столбова  |b Н. Ф.  |c российский геолог  |c доцент Томского политехнического университета  |f 1940-  |g Нэля Фeдоровна  |2 stltpush  |3 (RuTPU)RU\TPU\pers\26073 
801 1 |a RU  |b 63413507  |c 20090623  |g PSBO 
801 2 |a RU  |b 63413507  |c 20190517  |g PSBO 
856 4 |u http://earchive.tpu.ru/bitstream/11683/4898/1/bulletin_tpu-2013-323-1-14.pdf 
942 |c CF